000 00362nam a2200157Ia 4500
008 241014s9999||||xx |||||||||||||| ||und||
020 _aN/A
060 _aQS 504 J 1999
100 _aLaiq Hussain Siddiqui
245 0 _aMedical Histology.
250 _a4th
260 _bCaravan Book Center
_c1999
300 _a274
650 _aAnatomy
942 _bDIMC
_cBK
999 _c12580
_d12580